01111nam a2200241 a 450000100100000000500170001000800410002704000250006808200170009310000340011024501480014426000670029230000280035949000470038765000310043465000400046570000370050583000540054204900090059695201210060595201260072699900170085200002390720200930022547.0110117s1973 ck a r 000 0 spa d aDO-SdBNPbspacBNPHU a517.8bH376v1 aHauser, Arthur A., Jr.94917010aVariable compleja /cArthur A. Hauser ; versión en español de Peter Ujfalussy F. ; con la colaboración de M. en C. Federico Velasco Coba. aBogotá, (Colombia) :bFondo Educativo Interamericano,c1973. a417 p. :bil. ;c28 cm.1 aFondo. Teoría y problemas con solución 4aVariables complejas949171 4aFuncione de varible compleja9491721 aUjfalussy, F. Peter,etr.949173 0aFondo. Teoría y problemas con solución949174 aBNGR 001054708MOaGRbGRcCTd2011-01-17iLF1l0o517.8 H376vp23907-10r2020-06-25w2020-06-25y4ZPréstamo en sala 001054728MOaGRbGRcCTd2011-01-17iLF1l0o517.8 H376vp23907-20r2020-06-25te.2w2020-06-25y4ZPréstamo en sala c23403d23403